000 00715nam a2200241 i 4500
001 bg
100 1 _aHORNSTEIN, Jonathan
245 1 0 _aSkanowanie :
_btwój osobisty doradca /
_cJonathan Hornstein ; [tł. z ang. Przemysław Dygdoń].
260 _aWarszawa :
_bWydaw.PLJ,
_c1995.
300 _a163 s., [8] k.tabl.kolor. :
_b24 cm.
650 9 _aPrzetwarzanie obrazów
650 9 _aDrukarstwo
_xautomatyzacja
650 9 _aSkaner
655 _aPodręczniki
700 1 _aDYGDOŃ, Przemysław.
_eTł.
020 _a8371012861
040 _cBPK
041 1 _apl
_ben
080 _a681.625.9:681.327.1:655.1/.3](07)
920 _a83-7101-286-1
942 _cKS
008 s pl f |000 0 pol
999 _c24590
_d24590
856 _uhttp://koha.tu.koszalin.pl/cgi-bin/koha/opac-detail.pl?biblionumber=24590
_yKatalog online BPK